=LDR 00000nam 2200000 4500 =001 NUTBA000000000000604 =005 20140326112214.0 =006 =007 =008 =020 ##$$a 979-526-179-7 =035 ##$$a 0010-031400000000603 =082 ##$$a 301 =100 ##$$a abdulyani =245 ##$$a sosiologi skematika, teori, dan terapan =250 ##$$a cet 1, 1994 =260 ##$$a pt bumi aksara =300 ##$$a 212 $c 25 cm